000 00539nam a22002057a 4500
003 PILC
005 20160128120522.0
008 121119t xxu||||| |||| 00| 0 eng d
020 _a0671733214
050 _aPS 3563
_b.M478 1991
082 _aFIC
_bM15n 1991
100 _aMcEvoy, Seth
_921495
245 _aBlock party
_cSeth Mcevoy and Laure Smith.
260 _aNew York :
_bPocket Books,
_c1991.
300 _a131 p. :
_c17 cm
440 _aNew Kids on the Block
650 _aFiction.
_9746
942 _2lcc
_cBK
999 _c12027
_d12027